NFL Top 100 Players (2021-22) - Statistics

General Stats
  • This quiz has been taken 191 times
    164 since last reset
  • The average score is 73 of 100
Answer Stats
Team Position Answer % Correct
Kansas City Chiefs QB Patrick Mahomes
100%
Los Angeles Rams DL Aaron Donald
99%
Green Bay Packers QB Aaron Rodgers
99%
Seattle Seahawks QB Russell Wilson
99%
Tampa Bay Buccaneers QB Tom Brady
99%
Kansas City Chiefs TE Travis Kelce
99%
Green Bay Packers WR Davante Adams
98%
Tennessee Titans RB Derrick Henry
98%
Buffalo Bills QB Josh Allen
98%
Buffalo Bills WR Stefon Diggs
98%
Pittsburgh Steelers OLB TJ Watt
97%
Kansas City Chiefs WR Tyreek Hill
97%
Los Angeles Rams CB Jalen Ramsey
95%
Carolina Panthers RB Christian McCaffrey
94%
San Francisco 49ers TE George Kittle
94%
Baltimore Ravens QB Lamar Jackson
94%
Cleveland Browns DE Myles Garrett
94%
Minnesota Vikings RB Dalvin Cook
93%
Houston Texans QB Deshaun Watson
93%
Arizona Cardinals WR DeAndre Hopkins
92%
Los Angeles Chargers QB Justin Herbert
92%
San Francisco 49ers DE Nick Bosa
92%
New Orleans Saints RB Alvin Kamara
91%
Seattle Seahawks WR DK Metcalf
91%
Green Bay Packers CB Jaire Alexander
90%
Seattle Seahawks MLB Bobby Wagner
88%
Dallas Cowboys QB Dak Prescott
88%
Los Angeles Chargers DE Joey Bosa
88%
Minnesota Vikings WR Justin Jefferson
88%
Las Vegas Raiders TE Darren Waller
87%
Tennessee Titans WR Julio Jones
85%
Chicago Bears OLB Khalil Mack
85%
Cleveland Browns RB Nick Chubb
85%
Dallas Cowboys RB Ezekiel Elliott
83%
New Orleans Saints WR Michael Thomas
83%
Tampa Bay Buccaneers WR Mike Evans
83%
New Orleans Saints DE Cameron Jordan
82%
Washington Football Team DE Chase Young
82%
Indianapolis Colts OG Quenton Nelson
82%
Kansas City Chiefs FS Tyrann Mathieu
82%
Kansas City Chiefs DE Chris Jones
81%
Miami Dolphins CB Xavien Howard
80%
San Francisco 49ers MLB Fred Warner
78%
Los Angeles Chargers WR Keenan Allen
78%
Atlanta Falcons QB Matt Ryan
78%
Arizona Cardinals SS Budda Baker
77%
Tampa Bay Buccaneers WR Chris Godwin
77%
Cincinnati Bengals QB Joe Burrow
77%
Arizona Cardinals QB Kyler Murray
77%
Los Angeles Rams QB Matthew Stafford
77%
San Francisco 49ers OT Trent Williams
77%
Dallas Cowboys OG Zack Martin
77%
Green Bay Packers RB Aaron Jones
76%
Tennessee Titans WR AJ Brown
76%
New York Giants RB Saquon Barkley
76%
Chicago Bears WR Allen Robinson
75%
Minnesota Vikings QB Kirk Cousins
75%
Tampa Bay Buccaneers LB Devin White
74%
Pittsburgh Steelers FS Minkah Fitzpatrick
74%
Cleveland Browns WR Odell Beckham
73%
Minnesota Vikings WR Adam Thielen
71%
Atlanta Falcons WR Calvin Ridley
71%
Green Bay Packers OT David Bakhtiari
70%
Dallas Cowboys DE DeMarcus Lawrence
69%
Carolina Panthers WR DJ Moore
69%
Seattle Seahawks WR Tyler Lockett
69%
Baltimore Ravens CB Marlon Humphrey
68%
Los Angeles Rams OT Andrew Whitworth
67%
Indianapolis Colts OLB Darius Leonard
67%
Pittsburgh Steelers DE Cameron Heyward
66%
Cincinnati Bengals FS Jessie Bates
66%
Buffalo Bills CB Tre'Davious White
66%
Indianapolis Colts DT DeForest Buckner
65%
Denver Broncos FS Justin Simmons
64%
Minnesota Vikings FS Harrison Smith
63%
Minnesota Vikings DE Danielle Hunter
61%
Carolina Panthers CB Stephon Gilmore
61%
Arizona Cardinals DE JJ Watt
60%
Tampa Bay Buccaneers OLB Lavonte David
60%
Green Bay Packers OLB Za'Darius Smith
60%
Arizona Cardinals DE Chandler Jones
59%
Seattle Seahawks SS Jamal Adams
57%
Tampa Bay Buccaneers LB Shaquil Barrett
53%
New Orleans Saints OLB Demario Davis
52%
Atlanta Falcons DT Grady Jarrett
52%
Los Angeles Chargers FS Derwin James
51%
Tampa Bay Buccaneers OT Tristan Wirfs
49%
Los Angeles Chargers C Corey Linsley
48%
New York Giants DE Leonard Williams
47%
Jacksonville Jaguars MLB Myles Jack
46%
Baltimore Ravens OT Ronnie Stanley
40%
New Orleans Saints OT Terron Armstead
40%
Washington Football Team OG Brandon Scherff
37%
Cleveland Browns OG Joel Bitonio
35%
Cleveland Browns OG Wyatt Teller
31%
Denver Broncos OT Garett Bolles
28%
Detroit Lions OG Frank Ragnow
27%
Kansas City Chiefs DB L'Jarius Sneed
25%
Los Angeles Rams DB Darious Williams
18%
Green Bay Packers C Elgton Jenkins
16%
No matching quizzes found
Score Distribution
Percent of People with Each Score
Percentile by Number Answered
Your Score History
You have not taken this quiz since the last reset